Ancient India : (Record no. 29666)

MARC details
000 -LEADER
fixed length control field 00990nam a2200265 a 4500
005 - DATE AND TIME OF LATEST TRANSACTION
control field 20090826160520.0
008 - FIXED-LENGTH DATA ELEMENTS--GENERAL INFORMATION
fixed length control field 940713s1994 vauab b 001 0 eng
010 ## - LCCN (DPL NO)
LC control number ENG-94914
020 ## - INTERNATIONAL STANDARD BOOK NUMBER
International Standard Book Number 9789380096056
Terms of availability 770.00
035 ## - SYSTEM CONTROL NUMBER
System control number EN-78447
037 ## - SOURCE OF ACQUISITION
Source of stock number/acquisition DBAD / PUB
040 ## - CATALOGING SOURCE
Original cataloging agency dpl
Language of cataloging English
082 ## - DEWEY DECIMAL CLASSIFICATION NUMBER
Classification number 954.01
245 ## - TITLE STATEMENT
Title Ancient India :
Remainder of title (upto 1200 A.D.) /
Statement of responsibility, etc edited by Shailesh Chandra
260 ## - PUBLICATION, DISTRIBUTION, ETC. (IMPRINT)
Place of publication, distribution, etc New Delhi
Name of publisher, distributor, etc Alfa Publications
Date of publication, distribution, etc 2009
270 ## - ADDRESS
Address 4398/5, Ansari Road, Daryaganj
City New Delhi
Postal code 110002
300 ## - PHYSICAL DESCRIPTION
Extent vi, 304p.
Dimensions 23cm(Hb)
500 ## - GENERAL NOTE
General note Includes bibliographical references (p. 161-165) and index.
651 ## - SUBJECT ADDED ENTRY--GEOGRAPHIC NAME
Geographic name India
General subdivision Antiquities.
651 ## - SUBJECT ADDED ENTRY--GEOGRAPHIC NAME
Geographic name India
General subdivision Civilization
Chronological subdivision To 1200.
700 ## - ADDED ENTRY--PERSONAL NAME
Personal name Chandra, Shailesh
710 ## - ADDED ENTRY--CORPORATE NAME
Corporate name or jurisdiction name as entry element Time-Life Books.
942 ## - ADDED ENTRY ELEMENTS (KOHA)
Source of classification or shelving scheme Dewey Decimal Classification
Item type English Books
Classification part 954.01
Call number suffix LIB
Holdings
Withdrawn status Lost status Source of classification or shelving scheme Damaged status Not for loan Collection code Home library Current library Date acquired Source of acquisition Cost, normal purchase price Total Checkouts Full call number Barcode Date last seen Copy number Cost, replacement price Koha item type
    Dewey Decimal Classification   Not For Loan Non-fiction D.B.Act.Division D.B.Act.Division 26/08/2009 DBAD / PUB 770.00   954.01LIB EN-78447 26/08/2009 1 770.00 English Books

© Delhi Public Library
Hit Counter
free hit counter